00787nam a2200193Ia 4500003000900000008004100009040001600050080001900066111008900085245019200174260003500366300001400401490006400415650001900479650002000498650002100518700002500539710002900564IN-BaIIA211028s9999 xx 000 0 eng d cIIA Library a063.53bENF-41 aConference of International School of Physics "Enrico Fermi"cItalyd1967 July 17-29 0aSelected topics in particle physicsbproceedings of the International School of Physics "Enrico Fermi" Verenna on Lake Como, Villa Monastero, 17th-29th July 1967cedited by Steinberger J. aNew YorkbAcademic Pressc1968 avii,194p. aInternational school of physics "Enrico Fermi" course v. 41 aNASA Thesaurus aNuclear Physics aParticle Physics aSteinberger, J., ed. aItalian Physical Society